| 000 -LEADER | |
|---|---|
| fixed length control field | 00473nam a22001697a 4500 |
| 005 - DATE AND TIME OF LATEST TRANSACTION | |
| control field | 20230114122928.0 |
| 008 - FIXED-LENGTH DATA ELEMENTS--GENERAL INFORMATION | |
| fixed length control field | 220210b ||||| |||| 00| 0 eng d |
| 020 ## - INTERNATIONAL STANDARD BOOK NUMBER | |
| ISBN | 978-81-85790-8-1 |
| 041 ## - LANGUAGE CODE | |
| Language code of text/sound track or separate title | eng |
| 082 ## - DEWEY DECIMAL CLASSIFICATION NUMBER | |
| Classification number | 540.71 |
| 100 ## - MAIN ENTRY--AUTHOR NAME | |
| Personal name | MAHADIK, DR.K.R AND BHOSALE, DR.S.H |
| 245 ## - TITLE STATEMENT | |
| Title | A HANDBOOK OF PRACTICAL CHEMISTRY:INORGANIC AND ORGANIC CHEMISTRY |
| 260 ## - PUBLICATION, DISTRIBUTION, ETC. (IMPRINT) | |
| Place of publication | PUNE |
| Name of publisher | NIRALI PRAKASHAN |
| 300 ## - PHYSICAL DESCRIPTION | |
| Number of Pages | 2.91;p |
| 650 ## - SUBJECT ADDED ENTRY--TOPICAL TERM | |
| Topical Term | PHARMACY |
| General subdivision | B.PHARMA |
| 942 ## - ADDED ENTRY ELEMENTS (KOHA) | |
| Koha item type | Books |
| Lost status | Damaged status | Collection code | Home library | Current library | Shelving location | Date acquired | Source of acquisition | Cost, normal purchase price | Full call number | Accession Number | Koha item type |
|---|---|---|---|---|---|---|---|---|---|---|---|
| Reference | JRU Library | JRU Library | SHELF-5-C | 10/02/2022 | PURCHASE | 125.00 | 540.71 | 26170 | Books | ||
| PHARMACY | JRU Library | JRU Library | Shelf - 27- I | 10/02/2022 | PURCHASE | 125.00 | 540.71 | 26171 | Books | ||
| PHARMACY | JRU Library | JRU Library | Shelf - 24- G | 10/02/2022 | PURCHASE | 125.00 | 540.71 | 26172 | Books |